| 000 | 00993nam a22002417a 4500 | ||
|---|---|---|---|
| 001 | 5630 | ||
| 003 | FISKH | ||
| 005 | 20250108101106.0 | ||
| 008 | 250108b cb ||||| |||| 00| 0 eng d | ||
| 020 | _a9781407111735 | ||
| 040 |
_aFISKH _beng _cFISKH _dFISKH |
||
| 082 | _a938.07092 | ||
| 100 | _aRobins, Phil | ||
| 245 |
_aAlexander the great and his claim to fame / _cby Phil Robins |
||
| 260 |
_aNew York : _bScholastic ; _c2005. |
||
| 300 |
_a176 pages : _billustrations, maps ; _c21 cm . |
||
| 490 | _aHorribly Famous | ||
| 520 | _aThe most infamous of conquerors gets the Horribly Famous treatment. Readers can find out everything about Alexander that other books won't tell them, including how he once took on an army of 326 elephants, how he told everyone he was a god, and that his best friend was actually his horse, Bucephalus. | ||
| 650 |
_aDead Famous Section Hall Library _vnon-fiction |
||
| 700 |
_aGoddard, Clive _eillustrator |
||
| 942 |
_2ddc _cBK _n0 |
||
| 999 |
_c5630 _d5630 |
||